200 najdroższych zawodników na świecie - Statystyki

Ogólne statystyki
  • Ten quiz został rozwiązany 114 razy
  • Średni wynik to 65 z 201
Statystyki odpowiedzi
Wartość Zawodnik % Poprawnych
160mln Mbappe
94%
200mln Haaland
88%
180mln Yamal
84%
180mln Bellingham
82%
100mln Pedri
82%
200mln Vini
82%
80mln Gavi
80%
130mln Rodri
76%
140mln Musiala
73%
100mln Rodrygo
73%
55mln Salah
71%
80mln Camavinga
69%
90mln Kane
69%
100mln | 50mln Martinez
69%
150mln Saka
67%
140mln Foden
65%
130mln Valverde
65%
110mln Odegaard
63%
38mln | 60mln Silva
63%
140mln Wirtz
61%
75mln Dias
59%
50mln Kimmich
59%
45mln Sane
59%
45mln De Jong
57%
85mln Diaz
57%
75mln Leao
57%
55mln Martinelli
57%
60mln Olmo
57%
130mln Palmer
57%
38mln Son
57%
80mln Raphinha
55%
80mln Saliba
55%
80mln Tchouameni
55%
75mln Gabriel
53%
80mln Barella
51%
70mln Cubarsi
51%
50mln Ederson
51%
55mln Fernandes
51%
60mln Kounde
51%
70mln Williams
51%
75mln Alexander-Arnold
49%
80mln Alvarez
49%
75mln Fernandez
49%
45mln Guler
49%
60mln Hojlund
49%
55mln Rashford
49%
45mln Torres
49%
60mln Vlahovic
49%
55mln Dembele
47%
40mln Endrick
47%
75mln Gvardiol
47%
75mln Isak
47%
75mln Szoboszlai
47%
50mln Balde
45%
65mln Nunez
45%
110mln Rice
45%
75mln Bastoni
43%
50mln Davies
43%
50mln Frimpong
43%
60mln Gakpo
43%
45mln Grealish
43%
85mln Kvara
43%
55mln Araujo
41%
60mln Doku
41%
75mln Havertz
41%
55mln Jackson
41%
40mln Militao
41%
75mln Osimhen
41%
40mln Akanji
39%
40mln Grimaldo
39%
50mln Hernandez
39%
50mln Konate
39%
80mln Mac Allister
39%
65mln Olise
39%
65mln Barcola
37%
45mln De Ligt
37%
60mln Hakimi
37%
50mln Jota
37%
50mln Upamecano
37%
55mln Watkins
37%
80mln Caicedo
35%
75mln Gyokeres
35%
45mln Merino
35%
55mln Onana
35%
55mln Savinho
35%
75mln Thuram
35%
55mln Vitinha
35%
55mln White
35%
60mln Dimarco
33%
50mln Nkunku
33%
50mln Garnacho
31%
60mln Gordon
31%
50mln Lopez
31%
55mln Mendes
31%
40mln Raya
31%
45mln Boniface
29%
60mln Bremer
29%
45mln Jesus
29%
60mln Neves
29%
60mln Openda
29%
50mln Sesko
29%
55mln Gravenberch
27%
60mln Kulusevski
27%
50mln Ramos
27%
65mln Romero
27%
80mln Simons
27%
55mln Eze
24%
80mln Guimaraes
24%
45mln Jones
24%
55mln Mainoo
24%
60mln Marmoush
24%
45mln Yildiz
24%
60mln Zubimendi
24%
45mln Calafiori
22%
40mln Costa
22%
40mln Dalot
22%
40mln Guirassy
22%
40mln Madueke
22%
55mln Neto
22%
50mln Pedro
22%
45mln Udogie
22%
40mln Calhanoglu
20%
55mln Colwill
20%
45mln David
20%
40mln Doue
20%
40mln Gallagher
20%
60mln Madisson
20%
40mln Mamardashvili
20%
38mln Tonali
20%
55mln Yoro
20%
40mln Kobel
18%
40mln Kubo
18%
40mln Le Normand
18%
55mln Lookman
18%
45mln Luiz
18%
40mln Palhinha
18%
40mln Paqueta
18%
50mln Pulisic
18%
45mln Solanke
18%
40mln Tapsoba
18%
50mln Ugarte
18%
60mln Zaire-Emery
18%
42mln Zirkzee
18%
40mln Duran
16%
40mln Gibbs-White
16%
40mln Lavia
16%
40mln Marquinhos
16%
40mln McTominay
16%
40mln Nunes
16%
45mln Porro
16%
50mln Reijnders
16%
45mln Timber
16%
45mln Bowen
14%
45mln Guehi
14%
40mln Joelinton
14%
45mln Mitoma
14%
40mln Palacios
14%
55mln Van de Ven
14%
45mln Botman
12%
40mln Ferguson
12%
50mln Gittens
12%
50mln Johnson
12%
40mln Lewis
12%
50mln Lukeba
12%
40mln Pavard
12%
40mln Schlotterbeck
12%
50mln Barrios
10%
45mln Jae
10%
50mln Koopmeiners
10%
50mln Kudus
10%
50mln Mbeumo
10%
50mln Murillo
10%
40mln Pacho
10%
50mln Pavlovic
10%
40mln Vivian
10%
50mln Baena
8%
50mln Cunha
8%
40mln Gomes
8%
45mln Inacio
8%
50mln Sancet
8%
38mln Bailey
6%
40mln Bakayoko
6%
50mln Estevao
6%
40mln Hincapie
6%
40mln Rogers
6%
40mln Cambiaso
4%
38mln De Ketelaere
4%
40mln Ekitike
4%
45mln Hjulmand
4%
45mln Sarr
4%
45mln Scalvini
4%
38mln Zabarnyi
4%
42mln Branthwaite
2%
45mln Buongiorno
2%
38mln Kamara
2%
40mln Akliouche
0%
40mln Diomande
0%
42mln Millot
0%
50mln Samu
0%
Nie znaleziono quizów pasujących do podanych kryteriów
Rozkład punktacji
Procent ludzi z każdym wynikiem
Percentyl według liczby udzielonych odpowiedzi
Twoja historia wyników
Nie rozwiązałeś tego quizu